000 00434 a2200157 4500
999 _c4422
_d4422
020 _a9781779031280
050 _aQA 135.5 YON 1998
100 _aYon, J. /
_eauthor
245 _aStep in new primary maths :
_bGrade 3 pupils' book/
_cJ. Yon & C. Tambara
264 _aHarare:
_bLongman
_c1998
300 _a196p. :
_bill.
500 _aText
650 _aMathematics
700 _aTambara, C.
_eauthor
942 _2lcc
_cBK
_h135.5
_iYON
_kQA